Geografía económica, general y argentina /
Guardado en:
| Autor Principal: | |
|---|---|
| Formato: | Libro |
| Publicado: |
Buenos Aires :
Ergon,
1979
|
| Edición: | 3a. ed. |
| Materias: | |
| Etiquetas: |
Agregar Etiqueta
Sin Etiquetas, Sea el primero en etiquetar este registro!
|
| LEADER | 01224nam a22002895a 4500 | ||
|---|---|---|---|
| 001 | CEM.cems001519 | ||
| 005 | 20060214000000.0 | ||
| 008 | 130507s1979##################000#0#####d | ||
| 003 | CEMS | ||
| 082 | 0 | 4 | |a 330.9 |
| 100 | 1 | |a Cedrola, Lorenzo D. | |
| 245 | 1 | 0 | |a Geografía económica, general y argentina / |
| 250 | |a 3a. ed. | ||
| 260 | |a Buenos Aires : |b Ergon, |c 1979 | ||
| 300 | |a 359 p. | ||
| 505 | 0 | |a Naturaleza de la moderna sociedad industrial; Revolucion industrial; Desarrollo de Francia, Alemania y Estados Unidos; El imperialismo económico; El Lejano Oriente; El despertar de Rusia; Maquinas y hombres; El problema demografico | |
| 653 | |a Agricultura | ||
| 653 | |a Avicultura | ||
| 653 | |a Demografia | ||
| 653 | |a Economia argentina | ||
| 653 | |a Economia mundial | ||
| 859 | |a CEMS |b BIB. CEMS - 11 de abril |h 330.9 |i C327a3 |p 11335.82 |t Ej.1 | ||
| 859 | |a CEMS |b BIB. CEMS - 11 de abril |h 330.9 |i C327a3 |p 11336.82 |t Ej.2 | ||
| 859 | |a CEMS |b BIB. CEMS - 11 de abril |h 330.9 |i C327a3 |p 11337.82 |t Ej.3 | ||
| 859 | |a CEMS |b BIB. CEMS - 11 de abril |h 330.9 |i C327a3 |p 11338.82 |t Ej.4 | ||
| 859 | |a CEMS |b BIB. CEMS - 11 de abril |h 330.9 |i C327a3 |p 11339.82 |t Ej.5 | ||
| 859 | |a CEMS |b BIB. CEMS - 11 de abril |h 330.9 |i C327a3 |p 11340.82 |t Ej.6 | ||
